| 000 | 01065nam a2200205Ia 4500 | ||
|---|---|---|---|
| 999 |
_c51077 _d51077 |
||
| 001 | 18034 | ||
| 003 | GE_BSU | ||
| 005 | 20241101155740.0 | ||
| 008 | 181216s1982||||ge |||||||||||||| ||geo|| | ||
| 020 | _a0134-9899 | ||
| 040 | _cGE_BSU | ||
| 041 | _ageo | ||
| 080 | _a811.353(058) ი-31 | ||
| 245 |
_aიბერიულ-კავკასიური ენათმეცნიერების წელიწდეული = Ежегодник иберийско-кавказского языкознания = Anual of ibero-caucasian linguistics / _bIII. / _cსარედ. კოლ. ვ. აბაევი., შ. არისთავა., და სხვ. რედ. ა. ჩიქობავა; საქართველოს სსრ მეცნიერებათა აკადემია. |
||
| 264 |
_aთბილისი : _bმეცნიერება, _c1982. |
||
| 300 |
_a391 გვ. _b26 სმ. |
||
| 653 | _aენათმეცნიერება | ||
| 653 | _a წელიწდეული | ||
| 942 |
_cBK _2udc |
||